Airport Codes of Japan - Statistics

General Stats
  • This quiz has been taken 350 times
  • The average score is 10 of 15
Answer Stats
Airport Code Airport % Correct
NRT Narita International Airport
93%
FUK Fukuoka Airport
92%
HND Haneda Airport
90%
KIX Kansai International Airport
81%
NGO Chubu Centrair International Airport
80%
ITM Osaka International Airport
66%
CTS New Chitose Airport
65%
HIJ Hiroshima Airport
61%
OKA Naha Airport
61%
NGS Nagasaki Airport
58%
SDJ Sendai Airport
57%
AOJ Aomori Airport
54%
TAK Takamatsu Airport
44%
MYJ Matsuyama Airport
31%
KIJ Niigata Airport
24%
No matching quizzes found
Score Distribution
Percent of People with Each Score
Percentile by Number Answered
Your Score History
You have not taken this quiz